000 00505nam a22001817a 4500
005 20260120160439.0
008 260120b |||||||| |||| 00| 0 eng d
037 _cDSWL
040 _aDSWL
_cDSWL
041 _heng
100 _aTiwari, Nupur
_9940450
245 _aDr. Ambedkar's concept of social justice
260 _aNew Delhi,
_bResearch India Press,
_c2025
300 _a301p
365 _aINR
_b1295
942 _2CC
_cTEXL
_n0
999 _c1532240
_d1532240